| 000 | 00464nam a2200181Ia 4500 | ||
|---|---|---|---|
| 003 | GCL | ||
| 008 | 140319s9999 xx 000 0 eng d | ||
| 040 |
_aGCL / _cGCL |
||
| 082 | 0 | 4 |
_a620.16 _bA U |
| 100 | 1 | _aABRAMOV, O.V | |
| 245 | 1 | 0 |
_aULLRASOUND IN LIQICL SOLID METATS / _cABRAMOV, O.V |
| 260 |
_a[S.N] : _bCRC PRESS ، _c1993 |
||
| 300 | _a500.P | ||
| 650 | 0 | 4 | _aINDUSTRIAL APPLICATIONS |
| 650 | 0 | 4 | _aMETALS |
| 650 | 0 | 4 | _aULTRASONIC WAVES |
| 942 |
_2ddc _cBK |
||
| 999 |
_c11982 _d11982 |
||